| Tag |
First Indicator |
Second Indicator |
Subfields |
| LEADER |
00000cam a2200000 i 4500 |
| 001 |
in00002448921 |
| 005 |
20151110063147.0 |
| 008 |
080215s2009 gw 000 0 eng d |
| 020 |
|
|
|a 9783527319992 (hbk.)
|
| 020 |
|
|
|a 3527319999 (hbk.)
|
| 035 |
|
|
|a (OCoLC)ocn192081295
|
| 040 |
|
|
|a OHX
|c OHX
|d CUS
|d TXA
|d UtOrBLW
|
| 049 |
|
|
|a TXAM
|
| 090 |
|
|
|a TA1522
|b .M35 2009
|
| 100 |
1 |
|
|a Maldovan, Martin.
|
| 245 |
1 |
0 |
|a Periodic materials and interference lithography for photonics, phononics and mechanics /
|c Martin Maldovan, Edwin L. Thomas.
|
| 264 |
|
1 |
|a Weinheim :
|b Wiley-VCH,
|c [2009]
|
| 264 |
|
4 |
|c ©2009
|
| 300 |
|
|
|a xviii, 313 pages :
|b illustrations (some color) ;
|c 25 cm.
|
| 336 |
|
|
|a text
|b txt
|2 rdacontent
|
| 337 |
|
|
|a unmediated
|b n
|2 rdamedia
|
| 338 |
|
|
|a volume
|b nc
|2 rdacarrier
|
| 504 |
|
|
|a Includes bibliographical references and index.
|
| 650 |
|
0 |
|a Photonics
|x Materials.
|
| 650 |
|
0 |
|a Nanostructured materials.
|
| 650 |
|
0 |
|a Crystallography.
|
| 650 |
|
0 |
|a Photolithography.
|
| 650 |
|
0 |
|a Materials science.
|
| 700 |
1 |
|
|a Thomas, Edwin L.
|
| 948 |
|
|
|a cataloged
|b h
|c 2009/2/9
|d c
|e dmitchel
|f 9:20:10 am
|
| 994 |
|
|
|a C0
|b TXA
|
| 999 |
|
|
|a MARS
|
| 999 |
f |
f |
|s d326116e-2556-334f-88f0-1e6c398ec3b1
|i 193bbb77-af3f-33bf-b36a-5d8388e110e2
|t 0
|
| 952 |
f |
f |
|p normal
|a Texas A&M University
|b College Station
|c Sterling C. Evans Library
|s Evans stk
|d Evans: Library Stacks
|t 0
|e TA1522 .M35 2009
|h Library of Congress classification
|i unmediated -- volume
|m A14837450039
|
| 998 |
f |
f |
|a TA1522 .M35 2009
|t 0
|l Evans: Library Stacks
|